000 01714cam a2200337 a 4500
001 1861069
003 ARRUPE
005 20150911104122.0
008 821210s1983 nyu b s001 0 eng
010 _a 82019609
020 _a087395730X
020 _a0873957318 (pbk.)
040 _aDLC
_cDLC
_dDLC
_dOCoLC
050 0 0 _aB829.5
_b.P466 1983
082 0 0 _a142/.7
_219
100 _aMcBride, William Leon. (ed.)
_919759
245 0 0 _aPhenomenology in a pluralistic context /
_cWilliam L. McBride and Calvin O. Schrag, editors.
260 _aAlbany :
_bState University of New York Press,
_cc1983.
300 _avii, 317 p. ;
_c24 cm.
440 0 _aSelected studies in phenomenology and existential philosophy ;
_v9
_919760
500 _a"Contains papers and symposia contributions selected from the seventeenth, eighteenth, and nineteenth annual meetings of the Society for Phenomenology and Existential Philosophy ... held at Duquesne University (1978), Purdue University (1979), and the University of Ottawa (1980)"--Introd.
504 _aIncludes bibliographical references and index.
650 0 _aPhenomenology.
_2Addresses, essays, lectures
_919761
700 1 _aMcBride, William Leon.
_919759
700 1 _aSchrag, Calvin O.
_919762
_eed.
710 2 _aSociety for Phenomenology and Existential Philosophy.
_bMeeting
_n(17th :
_d1978 :
_cDuquesne University)
_919763
710 2 _aSociety for Phenomenology and Existential Philosophy.
_bMeeting
_n(18th :
_d1979 :
_cPurdue University)
_919764
710 2 _aSociety for Phenomenology and Existential Philosophy.
_bMeeting
_n(19th :
_d1980 :
_cUniversity of Ottawa)
_919765
906 _a7
_bcbc
_corignew
_d1
_eocip
_f19
_gy-gencatlg
942 _2lcc
_cMONOGRAPH
999 _c123382
_d123382